Taylor Swift Songs Beginning With "C" - Statistics

General Stats
  • This quiz has been taken 150 times
    93 since last reset
  • The average score is 12 of 20
Answer Stats
Songs % Correct
Call It What You Want
82%
Cruel Summer
80%
cardigan
79%
Cold As You
77%
Change
71%
Cassandra
68%
Come Back...Be Here
68%
Cornelia Street
68%
Clean
64%
coney island
64%
Chloe or Sam or Sophia or Marcus
59%
closure
54%
cowboy like me
54%
champagne problems
52%
Come In With The Rain
52%
Carolina
50%
Castles Crumbling
50%
Clara Bow
48%
Crazier
43%
Christmas Tree Farm
32%
No matching quizzes found
Score Distribution
Percent of People with Each Score
Percentile by Number Answered
Your Score History
You have not taken this quiz since the last reset